Najbardziej niebezpieczne miasta w polsce - Statystyki

Ogólne statystyki
  • Ten quiz został rozwiązany 5 766 razy
  • Średni wynik to 5 z 20
Statystyki odpowiedzi
# Miasto % Poprawnych
10 Katowice
70%
12 Wrocław
67%
3 Sopot
43%
14 Toruń
42%
18 Opole
33%
17 Zakopane
31%
4 Legnica
29%
2 Nowy Sącz
25%
1 Tarnów
24%
16 Wałbrzych
24%
13 Jelenia Góra
20%
7 Bielsko-Biała
19%
15 Dąbrowa Górnicza
12%
5 Żyrardów
8%
19 Kutno
5%
11 Piekary Śląskie
5%
8 Chojnów
3%
20 Krośniewice
2%
6 Mszczonów
2%
9 Prochowice
2%
Nie znaleziono quizów pasujących do podanych kryteriów
Rozkład punktacji
Procent ludzi z każdym wynikiem
Percentyl według liczby udzielonych odpowiedzi
Twoja historia wyników
Nie rozwiązałeś tego quizu